[Event "US Masters op"]
[Site "Greensboro"]
[Date "2016.08.27"]
[Round "5"]
[White "Giannatos, Peter"]
[Black "Shmeliov, Denis"]
[Result "1/2-1/2"]
[WhiteElo "2220"]
[BlackElo "2415"]
[PlyCount "43"]
[EventDate "2016.08.25"]
[EventType "swiss"]
[EventRounds "9"]
[EventCountry "USA"]
[SourceTitle "CBM 174 Extra"]
[Source "ChessBase"]
[SourceDate "2016.10.10"]
[SourceVersion "1"]
[SourceVersionDate "2016.10.10"]
[SourceQuality "1"]

1. d4 d5 2. Bf4 Nf6 3. e3 c6 4. c4 g6 5. h3 Bg7 6. Nf3 0-0 7. Be2 dxc4 8. Bxc4 b5 9. Be2 Bb7 10. 0-0 Nbd7 11. Nbd2 a6 12. Rc1 Rc8 13. Nb3 Ne4 14. Nfd2 c5 15. Bf3 Nxd2 16. Bxb7 Nxf1 17. Bxc8 Qxc8 18. Nxc5 Nxe3 19. fxe3 Nxc5 20. Rxc5 Qe6 21. Qb3 Qe4 22. Qc2 1/2-1/2

[Event "Reykjavik op"]
[Site "Reykjavik"]
[Date "2016.03.16"]
[Round "10"]
[White "Papp, Petra"]
[Black "Giannatos, Peter"]
[Result "1/2-1/2"]
[WhiteElo "2325"]
[BlackElo "2155"]
[PlyCount "60"]
[EventDate "2016.03.08"]
[EventType "swiss"]
[EventRounds "10"]
[EventCountry "ISL"]
[SourceTitle "CBM 171 Extra"]
[Source "ChessBase"]
[SourceDate "2016.04.26"]
[SourceVersion "1"]
[SourceVersionDate "2016.04.26"]
[SourceQuality "1"]

1. d4 e6 2. c4 d5 3. Nf3 Nf6 4. g3 Be7 5. Bg2 0-0 6. 0-0 dxc4 7. Qc2 a6 8. a4 Bd7 9. Qxc4 Bc6 10. Bf4 a5 11. Nc3 Na6 12. Rac1 Nb4 13. Ne5 Bxg2 14. Kxg2 Nbd5 15. Nxd5 Nxd5 16. Bd2 c6 17. b3 Bb4 18. Bxb4 Nxb4 19. Rfd1 Qd5+ 20. f3 f5 21. Nd3 Nxd3 22. Rxd3 Rad8 23. Qc3 Rde8 24. Re3 Rd8 25. Rd1 Rfe8 26. Rdd3 b6 27. Re5 Qd6 28. Qc4 g6 29. Qc3 Kf7 30. Kf2 Re7 1/2-1/2

[Event "Reykjavik op"]
[Site "Reykjavik"]
[Date "2016.03.09"]
[Round "3"]
[White "Giannatos, Peter"]
[Black "Kolka, Dawid"]
[Result "1-0"]
[WhiteElo "2155"]
[BlackElo "1891"]
[PlyCount "87"]
[EventDate "2016.03.08"]
[EventType "swiss"]
[EventRounds "10"]
[EventCountry "ISL"]
[SourceTitle "CBM 171 Extra"]
[Source "ChessBase"]
[SourceDate "2016.04.26"]
[SourceVersion "1"]
[SourceVersionDate "2016.04.26"]
[SourceQuality "1"]

1. d4 d5 2. Bf4 Nf6 3. e3 c6 4. c4 e6 5. Nf3 Bb4+ 6. Nbd2 Nbd7 7. Bd3 dxc4 8. Bxc4 Nb6 9. Bd3 0-0 10. 0-0 Qe7 11. Rc1 Bd7 12. Bb1 Rac8 13. Bg5 Qd8 14. Ne4 Nbd5 15. Qd3 g6 16. Nc5 Bxc5 17. dxc5 Qc7 18. Rcd1 Ne8 19. e4 Ndf6 20. Qd4 Kg7 21. Ne5 Rd8 22. Ng4 e5 23. Nxe5 Bg4 24. Qxd8 Qxe5 25. Bxf6+ Nxf6 26. Qd4 Qg5 27. f3 Be6 28. Kh1 Kg8 29. f4 Qh4 30. g3 Qh5 31. Qxf6 Bg4 32. Rde1 Bf3+ 33. Kg1 Qxc5+ 34. Rf2 Bg4 35. Qc3 Qb6 36. Qd3 Qa5 37. Rd2 Re8 38. Qc3 Qb6+ 39. Qd4 Qa5 40. a3 c5 41. Qc3 Qb6 42. Ba2 Bf5 43. Bd5 Qc7 44. Rc2 1-0

[Event "Reykjavik op"]
[Site "Reykjavik"]
[Date "2016.03.09"]
[Round "2"]
[White "Lampert, Jonas"]
[Black "Giannatos, Peter"]
[Result "1-0"]
[WhiteElo "2472"]
[BlackElo "2155"]
[PlyCount "69"]
[EventDate "2016.03.08"]
[EventType "swiss"]
[EventRounds "10"]
[EventCountry "ISL"]
[SourceTitle "CBM 171 Extra"]
[Source "ChessBase"]
[SourceDate "2016.04.26"]
[SourceVersion "1"]
[SourceVersionDate "2016.04.26"]
[SourceQuality "1"]

1. e4 Nf6 2. e5 Nd5 3. d4 d6 4. Nf3 dxe5 5. Nxe5 c6 6. Be2 Nd7 7. Nf3 g6 8. 0-0 Bg7 9. Re1 0-0 10. c4 Nc7 11. Nc3 a6 12. a4 a5 13. Bg5 Ne6 14. Be3 Qc7 15. Rc1 Nf6 16. h3 Rd8 17. Qb3 Qb8 18. Bf1 Bf8 19. d5 Ng7 20. Bb6 Re8 21. Bd4 Bd7 22. Be5 Qc8 23. Qd1 Qd8 24. Nd4 Nf5 25. Nxf5 Bxf5 26. g4 Bd7 27. Qd4 Bg7 28. Rcd1 Qc8 29. d6 c5 30. Qf4 Be6 31. dxe7 Nd7 32. Bxg7 Kxg7 33. Nd5 Qb8 34. Nc7 Rxe7 35. Qd6 1-0

[Event "London Classic op 7th"]
[Site "London"]
[Date "2015.12.04"]
[Round "1"]
[White "Giannatos, Peter"]
[Black "Gharamian, Tigran"]
[Result "0-1"]
[WhiteElo "2149"]
[BlackElo "2654"]
[PlyCount "84"]
[EventDate "2015.12.04"]
[EventType "swiss"]
[EventRounds "9"]
[EventCountry "ENG"]
[SourceTitle "CBM 169 Extra"]
[Source "ChessBase"]
[SourceDate "2015.12.18"]
[SourceVersion "1"]
[SourceVersionDate "2015.12.18"]
[SourceQuality "1"]

1. e4 g6 2. d4 Bg7 3. Nc3 a6 4. g3 b5 5. Bg2 Bb7 6. Nge2 d6 7. 0-0 Nd7 8. a4 b4 9. Na2 a5 10. c3 c5 11. Be3 Qb8 12. Nac1 Ngf6 13. Qc2 0-0 14. h3 cxd4 15. Bxd4 e5 16. Be3 d5 17. exd5 Nxd5 18. Bd2 bxc3 19. Nxc3 Nb4 20. Qb1 Rd8 21. Be3 Bxg2 22. Kxg2 Qb7+ 23. Kg1 Nb6 24. Nb3 Nc4 25. Bg5 f6 26. Bc1 Rab8 27. Rd1 Rxd1+ 28. Nxd1 Nc6 29. Nc5 Qa7 30. Qa2 Qxc5 31. Ne3 Rb4 32. Bd2 Rxa4 33. Qxa4 Nxd2 34. Rd1 Nf3+ 35. Kg2 Nfd4 36. Rd3 h5 37. Rc3 Qd6 38. Qc4+ Kh7 39. Qf7 Ne6 40. Qe8 Ned8 41. Rc1 Bh6 42. Rd1 Nd4 0-1

[Event "Eastern op 41st"]
[Site "Bethesda"]
[Date "2014.12.29"]
[Round "7"]
[White "Giannatos, Peter"]
[Black "Lowinger, Daniel"]
[Result "0-1"]
[WhiteElo "2140"]
[BlackElo "2153"]
[PlyCount "82"]
[EventDate "2014.12.26"]
[EventType "swiss"]
[EventRounds "7"]
[EventCountry "USA"]
[SourceTitle "CBM 164 Extra"]
[Source "ChessBase"]
[SourceDate "2015.03.02"]
[SourceVersion "1"]
[SourceVersionDate "2015.03.02"]
[SourceQuality "1"]

1. e4 e6 2. d4 d5 3. Nd2 Nf6 4. e5 Nfd7 5. Bd3 c5 6. c3 Nc6 7. Ne2 Qb6 8. Nf3 a5 9. 0-0 a4 10. a3 Be7 11. Bc2 Qa5 12. Nf4 g6 13. h4 cxd4 14. cxd4 Nb6 15. Bd3 Bd7 16. Nh3 Nc4 17. Bxc4 dxc4 18. Qe2 Qa6 19. Nhg5 Na5 20. Rd1 Nb3 21. Rb1 Bb5 22. Qe3 h6 23. Ne4 0-0-0 24. Qf4 Bc6 25. Be3 Rh7 26. Nf6 Bxf6 27. exf6 Bxf3 28. Qxf3 Rd5 29. Qe4 h5 30. Bf4 Rh8 31. Bg3 b5 32. Be5 Rhd8 33. Qe3 Qb6 34. Qf3 Kb7 35. Kh2 Qc6 36. Qc3 Qd7 37. Qb4 Ka6 38. Qe7 Qxe7 39. fxe7 Re8 40. Kg3 Rxe7 41. Kf4 f6 0-1

[Event "Eastern op 41st"]
[Site "Bethesda"]
[Date "2014.12.26"]
[Round "1"]
[White "Giannatos, Peter"]
[Black "Beckman, Thomas J"]
[Result "0-1"]
[WhiteElo "2140"]
[BlackElo "1946"]
[PlyCount "50"]
[EventDate "2014.12.26"]
[EventType "swiss"]
[EventRounds "7"]
[EventCountry "USA"]
[SourceTitle "CBM 164 Extra"]
[Source "ChessBase"]
[SourceDate "2015.03.02"]
[SourceVersion "1"]
[SourceVersionDate "2015.03.02"]
[SourceQuality "1"]

1. d4 Nf6 2. Nf3 e6 3. Bf4 c5 4. e3 Qb6 5. Nc3 Qxb2 6. Nb5 Na6 7. Rb1 Qxa2 8. Ra1 Qb2 9. Rxa6 bxa6 10. Nc7+ Kd8 11. Nxa8 Nd5 12. Be2 Nxf4 13. exf4 Qb4+ 14. Kf1 f6 15. Qa1 cxd4 16. Ne1 Bb7 17. Nd3 Qc3 18. Qb1 Kc8 19. f3 Bxa8 20. Kf2 Bd5 21. Nb2 Qe3+ 22. Kf1 a5 23. Ba6+ Kd8 24. Nd3 Bd6 25. Bb7 Bc4 0-1

[Event "US Masters op"]
[Site "Greensboro"]
[Date "2014.08.31"]
[Round "7"]
[White "Schmuggerow, Kevin"]
[Black "Giannatos, Peter"]
[Result "0-1"]
[WhiteElo "1971"]
[BlackElo "2140"]
[PlyCount "44"]
[EventDate "2014.08.28"]
[EventType "swiss"]
[EventRounds "9"]
[EventCountry "USA"]
[SourceTitle "CBM 162 Extra"]
[Source "ChessBase"]
[SourceDate "2014.10.17"]
[SourceVersion "1"]
[SourceVersionDate "2014.10.17"]
[SourceQuality "1"]

1. e4 Nf6 2. Nc3 d5 3. e5 Nfd7 4. f4 e6 5. Nf3 c5 6. b3 Nc6 7. Bb2 Be7 8. g3 0-0 9. Bh3 a6 10. a4 Qc7 11. 0-0 c4 12. Qe2 cxb3 13. Kh1 bxc2 14. f5 d4 15. fxe6 dxc3 16. Bxc3 fxe6 17. Bxe6+ Kh8 18. Bb3 Nc5 19. Ng5 Nxb3 20. Qh5 Bf5 21. Rxf5 Bxg5 22. Rxg5 Nxa1 0-1